Central Library OPAC University of Rajshahi

Educational psychology / (Record no. 50174)

MARC details
000 -LEADER
fixed length control field 00636nam a2200229 a 4500
001 - CONTROL NUMBER
control field 50174
003 - CONTROL NUMBER IDENTIFIER
rucl marc code BD-RjUL
005 - DATE AND TIME OF LATEST TRANSACTION
control field 20211209075453.0
008 - FIXED-LENGTH DATA ELEMENTS--GENERAL INFORMATION
fixed length control field 160824s1985 ii ||||| |||| 00| 0 eng d
035 ## - SYSTEM CONTROL NUMBER
System control number (BD-RjUL)50294
040 ## - CATALOGING SOURCE
Original cataloging agency BD-RjUL
Language of cataloging eng
Transcribing agency BD-RjUL
Modifying agency BD-RjUL
041 ## - LANGUAGE CODE
Language code of text/sound track or separate title eng
082 ## - DEWEY DECIMAL CLASSIFICATION NUMBER
Edition number 22
Classification number 370.15
Author mark and year KUE 1985
100 ## - MAIN ENTRY--PERSONAL NAME
Personal name Kundu, C.L.
9 (RLIN) 150403
245 ## - TITLE STATEMENT
Title Educational psychology /
Statement of responsibility, etc. C.L. Kundu
246 ## - VARYING FORM OF TITLE
Remainder of title 4th rev. ed.
260 ## - PUBLICATION, DISTRIBUTION, ETC. (IMPRINT)
Place of publication, distribution, etc. New delhi :
Name of publisher, distributor, etc. Sterling Publishers private Limited,
Date of publication, distribution, etc. c1985
300 ## - PHYSICAL DESCRIPTION
Pagination 576 p. ;
Size 21 cm.
500 ## - GENERAL NOTE
General note Includes Index
650 ## - SUBJECT ADDED ENTRY--TOPICAL TERM
Topical term or geographic name as entry element Educational psychology
9 (RLIN) 150404
942 ## - ADDED ENTRY ELEMENTS (KOHA)
Source of classification or shelving scheme Dewey Decimal Classification
Koha item type Books
Holdings
Lost status Source of classification or shelving scheme Damaged status Not for loan Collection code Permanent Location Current Location Shelving location Date acquired Source of acquisition Cost, normal purchase price Total Checkouts Full call number Date last seen Copy number Koha item type
  Dewey Decimal Classification     Non-fiction Central Library, University of Rajshahi Central Library, University of Rajshahi   26/06/1986 Dhaka :Karim International 35.00   370.15 KUE 1985 24/08/2016 C-2 Books
  Dewey Decimal Classification   Not For Loan Non-fiction Central Library, University of Rajshahi Central Library, University of Rajshahi Reading Room 26/06/1986 Karim Int., Dhaka 35.00   370.15 KUE 1985 24/08/2017 C-1 Books